000 01291cam a22003617a 4500
003 CHAP
005 20220329142151.0
008 000126d1999 mx r 00110 spa d
010 _a79484
011 _a80456
035 _a90907
040 _cCHAP
090 _aTesis
100 0 0 _aCovarrubias Gutiérrez, Micaela.
_928698
245 1 0 _aEfecto de la humedad y el tamaño de partícula del sustrato sobre la producción de esporas de Beauveria bassiana
_c/por Micaela Covarrubias Gutiérrez
260 _aChapingo, Méx. :
_bEl autor,
_c1999.
300 _a112 h.
502 _aTesis (Ing. Agroindustrial) -- UACH. Departamento de Ingeniería Agroindustrial
590 _aALEPH
_b10
_c20130110
_lUCH01
_h1431
590 _aBATCH-UPD
_b10
_c20130110
_lUCH01
_h0813
590 _aBATCH-UPD
_b10
_c20130410
_lUCH01
_h0450
590 _aBATCH-UPD
_b10
_c20130914
_lUCH01
_h0555
590 _aCONVERSION
_b10
_c20130109
_lUCH01
_h1344
650 1 4 _aBeauveria bassiana.
_911099
650 1 4 _aEsporas.
_938131
650 1 4 _aSustratos.
_9110789
901 _aBK
905 _aLilia Sánchez G.
942 _cFOLL
949 _bBC
_cTES
_d33724000735809
_eTS2
_fc.2
_h34434
_i90907
_sb
949 _bBC
_cTES
_d33724000751103
_eTS2
_fc.3
_h35343
_i90907
_sb
949 _bBC
_cTES
_d90907
_eTS1
_h34433
_i90907
_sb
999 _c79484
_d79484